000 00656nam a2200277Ia 4500
005 20260324150852.0
008 008 260324s9999 xx 000 0 eng d
020 _a9781003424192
037 _aEBOOK
040 _aCRL
040 _beng
040 _cCRL
041 _2eng
041 _aeng
084 _qCRL
100 _aC. G. Seligman; Brenda Z. Seligman
_91227903
245 0 _aPagan Tribes of the Nilotic Sudan
260 _bTaylor and Francis
260 _c1932
365 _a
365 _b280
856 _uhttp://www.taylorfrancis.com/books/9781003424192
942 _cEBOOK
999 _c1838098
_d1838098